[Event "ENCI Limburg-open A"]
[Site "Maastricht"]
[Date "2007.05.26"]
[Round "3"]
[White "Van den Bersselaar, Henri"]
[Black "Kamps, Jacques"]
[Result "1-0"]
[WhiteElo "1896"]
[BlackElo "2102"]
[PlyCount "93"]
[EventDate "2007.05.25"]
[EventType "swiss"]
[EventRounds "7"]
[EventCountry "NED"]
[Source "P.Boonen"]
[SourceDate "2010.01.01"]

1. d4 Nf6 2. Nf3 d6 3. Nc3 g6 4. e4 Bg7 5. Bd3 O-O 6. O-O Na6 7. a3 c5 8. Bxa6
cxd4 9. Nxd4 bxa6 10. Re1 Bd7 11. h3 Rb8 12. Rb1 e5 13. Nde2 Qc7 14. Bg5 Bc6
15. Ng3 Rfe8 16. Qd2 Qb7 17. Bxf6 Bxf6 18. Qxd6 Bg5 19. Qc5 Rbc8 20. Qb4 Qxb4
21. axb4 Bd2 22. Re2 Bxc3 23. bxc3 Bb5 24. Re3 Red8 25. Nf1 Rd6 26. f3 Rdc6 27.
Rb3 Ba4 28. Ra3 Bb5 29. Nd2 Rd8 30. Nb3 Rd1+ 31. Kf2 Rf1+ 32. Kg3 Rd6 33. Ra1
Rxa1 34. Nxa1 Rd2 35. Re1 g5 36. Rc1 h5 37. Nb3 h4+ 38. Kh2 Rd7 39. Kg1 Rc7 40.
Nc5 a5 41. Kf2 axb4 42. cxb4 a5 43. c4 Be8 44. Na6 Rc8 45. bxa5 Bb5 46. Nb4
Bxc4 47. Nd5 1-0

[Event "ENCI Limburg-open A"]
[Site "Maastricht"]
[Date "2007.05.26"]
[Round "3"]
[White "Van der Berg, Bram"]
[Black "Peric, Mijo"]
[Result "1/2-1/2"]
[WhiteElo "2196"]
[BlackElo "2006"]
[PlyCount "67"]
[EventDate "2007.05.25"]
[EventType "swiss"]
[EventRounds "7"]
[EventCountry "NED"]
[Source "P.Boonen"]
[SourceDate "2010.01.01"]

1. e4 e5 2. Nf3 Nf6 3. d4 Nxe4 4. Bd3 d5 5. Nxe5 Nc6 6. Nxc6 bxc6 7. O-O Qh4 8.
c4 Bd6 9. f4 O-O 10. c5 Be7 11. Nd2 Bg4 12. Qe1 f5 13. Qxh4 Bxh4 14. Nf3 Bxf3
15. gxf3 Nf6 16. Bxf5 Rae8 17. Bd2 Nh5 18. Bd7 Re2 19. Rad1 Nxf4 20. Bxf4 Rxf4
21. Bxc6 Rf5 22. f4 Kf7 23. b4 Ke6 24. a4 g5 25. Bb7 Kd7 26. Rd3 gxf4 27. Rh3
Bf6 28. Rxh7+ Kd8 29. Bc6 Bxd4+ 30. Kh1 f3 31. Rd7+ Kc8 32. Rxd5 Be3 33. Bd7+
Kb8 34. Bxf5 1/2-1/2

[Event "ENCI Limburg-open A"]
[Site "Maastricht"]
[Date "2007.05.26"]
[Round "3"]
[White "Van der Veen, Terry"]
[Black "Ouwersloot, Hans"]
[Result "1/2-1/2"]
[WhiteElo "2118"]
[BlackElo "1949"]
[PlyCount "120"]
[EventDate "2007.05.25"]
[EventType "swiss"]
[EventRounds "7"]
[EventCountry "NED"]
[Source "P.Boonen"]
[SourceDate "2010.01.01"]

1. e4 Nf6 2. d3 e5 3. f4 Nc6 4. Nf3 d6 5. Be2 Be7 6. O-O O-O 7. c3 Re8 8. Kh1
Bf8 9. fxe5 dxe5 10. Bg5 h6 11. Be3 Ng4 12. Bg1 Bd6 13. Nbd2 Ne7 14. Nh4 Nf6
15. Be3 Ng6 16. Nxg6 fxg6 17. Qe1 Kh7 18. Rd1 Qe7 19. Nc4 Bg4 20. Nxd6 cxd6 21.
Bf3 b6 22. Qe2 Bxf3 23. Rxf3 Rf8 24. a4 d5 25. exd5 Nxd5 26. Bg1 Nf4 27. Qe4
Rae8 28. Re1 Qd6 29. Bf2 Nh5 30. Bg1 Rxf3 31. Qxf3 Nf4 32. d4 Nh5 33. Qe2 Nf6
34. dxe5 Qd5 35. e6 Nh5 36. Qe4 Qxe4 37. Rxe4 g5 38. a5 bxa5 39. Bxa7 Nf4 40.
e7 Kg6 41. Bb6 Kf5 42. Re1 Nd3 43. Rf1+ Ke6 44. Bxa5 Nxb2 45. Bd8 Nc4 46. g4
Nd6 47. Kg2 Nb7 48. Rd1 Nd6 49. Kf3 g6 50. Ra1 h5 51. Ra6 Kd7 52. h3 Nf7 53.
Ra7+ Ke6 54. Ra8 Ne5+ 55. Kg3 Nc6 56. c4 Nxe7 57. Ra6+ Kf7 58. Bb6 Nc6 59. Bc7
Re6 60. Kf2 Nd4 1/2-1/2

[Event "ENCI Limburg-open A"]
[Site "Maastricht"]
[Date "2007.05.26"]
[Round "3"]
[White "Van der Zwet, Bart"]
[Black "Koenig, Christian"]
[Result "0-1"]
[WhiteElo "2000"]
[BlackElo "2185"]
[PlyCount "74"]
[EventDate "2007.05.25"]
[EventType "swiss"]
[EventRounds "7"]
[EventCountry "NED"]
[Source "P.Boonen"]
[SourceDate "2010.01.01"]

1. Nf3 b6 2. e4 Bb7 3. Nc3 c5 4. d4 cxd4 5. Nxd4 a6 6. Be3 e6 7. Be2 Qc7 8. Bf3
d6 9. Qd2 Nd7 10. Rd1 Ngf6 11. Bg5 Be7 12. O-O O-O 13. Rfe1 Rfd8 14. g3 Rac8
15. Bg2 b5 16. a3 Nb6 17. Nde2 Nc4 18. Qc1 h6 19. Bd2 Qb6 20. h3 a5 21. Nf4 Rc7
22. Nb1 b4 23. axb4 axb4 24. b3 Nxd2 25. Nxd2 Ba6 26. Bf1 Bxf1 27. Nxf1 Qc6 28.
Qe3 d5 29. exd5 Nxd5 30. Nxd5 Rxd5 31. Rxd5 Qxd5 32. Re2 Rc3 33. Qd2 Qf5 34.
Ne3 Qxh3 35. Qd4 Bc5 36. Qg4 Qxg4 37. Nxg4 Rxg3+ 0-1

[Event "ENCI Limburg-open A"]
[Site "Maastricht"]
[Date "2007.05.26"]
[Round "3"]
[White "Vanwersch, Sander"]
[Black "Clemens, Adrian HP"]
[Result "1-0"]
[WhiteElo "2126"]
[BlackElo "2327"]
[PlyCount "117"]
[EventDate "2007.05.25"]
[EventType "swiss"]
[EventRounds "7"]
[EventCountry "NED"]
[Source "P.Boonen"]
[SourceDate "2010.01.01"]

1. e4 c5 2. g3 d5 3. exd5 Qxd5 4. Nf3 Bg4 5. Bg2 Qe6+ 6. Kf1 Nc6 7. h3 Bh5 8.
Nc3 Nf6 9. d3 Qd7 10. Be3 e6 11. Ne4 Nxe4 12. dxe4 O-O-O 13. Qxd7+ Rxd7 14. c3
Be7 15. g4 Bg6 16. Nd2 e5 17. h4 f6 18. Bh3 Kc7 19. Ke2 Rdd8 20. Rhg1 h6 21.
Rg3 b6 22. f3 Rdf8 23. Rh1 Rh7 24. Rhg1 Rfh8 25. Bf1 Bf7 26. b3 g5 27. h5 a5
28. Kd1 a4 29. Bc4 axb3 30. Bxf7 Rxf7 31. axb3 Ra8 32. Kc2 Rff8 33. Rb1 Rfd8
34. Rgg1 Ra2+ 35. Rb2 Rxb2+ 36. Kxb2 Rd3 37. Re1 Nd4 38. cxd4 exd4 39. Nf1 dxe3
40. Rxe3 Rd1 41. Ng3 Bd6 42. Nf5 Rd2+ 43. Kc3 Rh2 44. Nxh6 Be5+ 45. Kc4 Kc6 46.
Kd3 Rb2 47. Nf7 Rxb3+ 48. Ke2 Rb2+ 49. Kf1 Rh2 50. Re2 Rh4 51. Kg1 Bd4+ 52. Kg2
c4 53. e5 fxe5 54. Nxg5 b5 55. Re1 e4 56. Kg3 exf3 57. Nxf3 Bf2+ 58. Kxf2 Rxg4
59. Ne5+ 1-0

[Event "ENCI Limburg-open A"]
[Site "Maastricht"]
[Date "2007.05.26"]
[Round "3"]
[White "Willemze, Thomas"]
[Black "Kritz, Leonid"]
[Result "0-1"]
[WhiteElo "2398"]
[BlackElo "2593"]
[PlyCount "44"]
[EventDate "2007.05.25"]
[EventType "swiss"]
[EventRounds "7"]
[EventCountry "NED"]
[Source "P.Boonen"]
[SourceDate "2010.01.01"]

1. e4 c5 2. Nf3 Nc6 3. Bb5 Qb6 4. Nc3 e6 5. O-O Nge7 6. Re1 g6 7. Bf1 Bg7 8.
Nb5 O-O 9. Nd6 Nd4 10. Nxc8 Raxc8 11. c3 Nxf3+ 12. Qxf3 f5 13. Rb1 Nc6 14. Qd1
Rf7 15. exf5 Rxf5 16. Qb3 Qc7 17. d3 Rcf8 18. Be3 Ne5 19. Be2 Nf7 20. g4 Rf6
21. d4 Ng5 22. Kg2 Bh6 0-1

[Event "ENCI Limburg-open A"]
[Site "Maastricht"]
[Date "2007.05.26"]
[Round "3"]
[White "Wislez, Franscis"]
[Black "Driessens, Patrick"]
[Result "0-1"]
[WhiteElo "2083"]
[BlackElo "2276"]
[PlyCount "80"]
[EventDate "2007.05.25"]
[EventType "swiss"]
[EventRounds "7"]
[EventCountry "NED"]
[Source "P.Boonen"]
[SourceDate "2010.01.01"]

1. c4 e5 2. Nc3 Bb4 3. Qb3 a5 4. a3 Bc5 5. e3 f5 6. Nge2 Nc6 7. d3 Nf6 8. g3
O-O 9. Bg2 d6 10. O-O Kh8 11. Bd2 Qe8 12. Nd5 a4 13. Qd1 Nxd5 14. cxd5 Na5 15.
Bxa5 Rxa5 16. Nc3 Bd7 17. Qd2 Bb6 18. Rab1 Ra8 19. Qd1 f4 20. exf4 exf4 21. d4
Qf7 22. Qd2 f3 23. Bh1 Qf6 24. Rbd1 Rae8 25. Qd3 g5 26. Rfe1 g4 27. Rxe8 Rxe8
28. h4 h5 29. Qd2 Kg7 30. Qc1 Re7 31. Rd3 Bf5 32. Rd1 Bg6 33. Qd2 Ba5 34. Re1
Rxe1+ 35. Qxe1 Bb6 36. Nxa4 Bxd4 37. Nc3 Qe5 38. Qd2 Qxg3+ 39. Kf1 Qh3+ 40. Kg1
Be5 0-1

[Event "ENCI Limburg-open A"]
[Site "Maastricht"]
[Date "2007.05.26"]
[Round "3"]
[White "Wlogalski, Olivier"]
[Black "Polak, Indra"]
[Result "0-1"]
[WhiteElo "2016"]
[BlackElo "2226"]
[PlyCount "70"]
[EventDate "2007.05.25"]
[EventType "swiss"]
[EventRounds "7"]
[EventCountry "NED"]
[Source "P.Boonen"]
[SourceDate "2010.01.01"]

1. b3 Nf6 2. Bb2 e6 3. Nf3 d5 4. e3 Be7 5. Ne5 Nbd7 6. f4 c5 7. Bd3 Qc7 8. O-O
b6 9. Ng4 a6 10. Nc3 Bb7 11. Be2 Nxg4 12. Bxg4 Bf6 13. Qc1 d4 14. Ne2 dxe3 15.
dxe3 Bxb2 16. Qxb2 Nf6 17. Bf3 Bxf3 18. Rxf3 Rd8 19. Ng3 O-O 20. c4 Rd3 21. h3
Rfd8 22. Rc1 Qd6 23. Rc2 h5 24. Nf1 Ne4 25. Rc1 f6 26. Rc2 Kf7 27. Rc1 Rd1 28.
Kh2 Rxc1 29. Qxc1 Qd1 30. Qxd1 Rxd1 31. Ng3 Nd2 32. Rf2 h4 33. Re2 hxg3+ 34.
Kxg3 Ne4+ 35. Kh2 Rd2 0-1

[Event "ENCI Limburg-open A"]
[Site "Maastricht"]
[Date "2007.05.26"]
[Round "3"]
[White "Zachariassen, Bjarne"]
[Black "Van Weersel, Arlette"]
[Result "0-1"]
[WhiteElo "1946"]
[BlackElo "2156"]
[PlyCount "64"]
[EventDate "2007.05.25"]
[EventType "swiss"]
[EventRounds "7"]
[EventCountry "NED"]
[Source "P.Boonen"]
[SourceDate "2010.01.01"]

1. e4 e5 2. Nf3 Nc6 3. d4 exd4 4. Nxd4 Nf6 5. Nxc6 bxc6 6. Bd3 Bb4+ 7. c3 Be7
8. O-O d6 9. Nd2 O-O 10. Qc2 Nd7 11. f4 Nc5 12. Be2 f5 13. b4 Nxe4 14. Nxe4
fxe4 15. Qxe4 d5 16. Qc2 Bf5 17. Bd3 Bxd3 18. Qxd3 a5 19. bxa5 Rxa5 20. Rf3
Bc5+ 21. Kh1 Qe7 22. Bd2 Qe4 23. c4 Ra4 24. cxd5 cxd5 25. Re1 Qxd3 26. Rxd3 d4
27. Rc1 Bb6 28. a3 c5 29. Rb3 Ba7 30. g3 Re8 31. Rb7 Rxa3 32. Bb4 Ra2 0-1

[Event "ENCI Limburg-open A"]
[Site "Maastricht"]
[Date "2007.05.27"]
[Round "4"]
[White "Clevers, Egbert"]
[Black "Van der Berg, Bram"]
[Result "0-1"]
[WhiteElo "1973"]
[BlackElo "2196"]
[PlyCount "88"]
[EventDate "2007.05.25"]
[EventType "swiss"]
[EventRounds "7"]
[EventCountry "NED"]
[Source "P.Boonen"]
[SourceDate "2010.01.01"]

1. Nc3 a6 2. Nf3 b5 3. e3 h5 4. h4 Bb7 5. b3 d6 6. Bb2 e5 7. d4 e4 8. Ng5 d5 9.
g3 Be7 10. Nh3 c6 11. Nf4 g6 12. f3 exf3 13. Qxf3 Nf6 14. Bh3 Bc8 15. Bxc8 Qxc8
16. O-O Qg4 17. Kg2 Nbd7 18. a3 O-O 19. Rae1 Qxf3+ 20. Kxf3 a5 21. e4 b4 22. e5
Ng4 23. Ncxd5 cxd5 24. Nxd5 Bd8 25. Re2 Nb6 26. Nf4 Bc7 27. d5 Rae8 28. d6 Bb8
29. Rfe1 f6 30. e6 Bxd6 31. Nxg6 bxa3 32. Bd4 Ne5+ 33. Bxe5 fxe5+ 34. Nxf8
Rxf8+ 35. Ke4 Rf6 36. Rd1 Rxe6 37. Kf5 Kf7 38. Kg5 e4 39. Kxh5 a4 40. g4 a2 41.
bxa4 Nd5 42. Rf2+ Kg7 43. Rxd5 Rh6+ 44. Kg5 a1=Q 0-1

[Event "ENCI Limburg-open A"]
[Site "Maastricht"]
[Date "2007.05.27"]
[Round "4"]
[White "Dek, Lennart"]
[Black "Nijboer, Friso"]
[Result "0-1"]
[WhiteElo "2196"]
[BlackElo "2606"]
[PlyCount "52"]
[EventDate "2007.05.25"]
[EventType "swiss"]
[EventRounds "7"]
[EventCountry "NED"]
[Source "P.Boonen"]
[SourceDate "2010.01.01"]

1. e4 c5 2. Nf3 d6 3. d4 cxd4 4. Nxd4 Nc6 5. g3 e6 6. Bg2 Nf6 7. Nc3 Bd7 8. Nb3
Be7 9. O-O O-O 10. f4 b5 11. a3 a5 12. a4 bxa4 13. Nxa4 Qc7 14. Be3 Rfb8 15.
Nc1 Nb4 16. Nc3 Ng4 17. Bd4 e5 18. Bf2 exf4 19. gxf4 Nxf2 20. Rxf2 Qa7 21. Qd2
Bh4 22. Nd1 Bg4 23. Ne3 Nxc2 24. Nxc2 Qxf2+ 25. Qxf2 Bxf2+ 26. Kxf2 Rxb2 0-1

[Event "ENCI Limburg-open A"]
[Site "Maastricht"]
[Date "2007.05.27"]
[Round "4"]
[White "Driessens, Patrick"]
[Black "Van der Veen, Terry"]
[Result "1/2-1/2"]
[WhiteElo "2276"]
[BlackElo "2118"]
[PlyCount "69"]
[EventDate "2007.05.25"]
[EventType "swiss"]
[EventRounds "7"]
[EventCountry "NED"]
[Source "P.Boonen"]
[SourceDate "2010.01.01"]

1. d4 Nf6 2. c4 g6 3. Nc3 Bg7 4. e4 d6 5. h3 O-O 6. Bg5 h6 7. Be3 e5 8. d5 Nbd7
9. Bd3 Nh5 10. g3 a6 11. Be2 Nhf6 12. Nf3 Nc5 13. Nd2 c6 14. b4 cxd5 15. cxd5
Ncd7 16. g4 Ne8 17. Rg1 a5 18. a3 axb4 19. axb4 Rxa1 20. Qxa1 Kh8 21. Nc4 f5
22. Bd3 fxg4 23. hxg4 Ndf6 24. Be2 Nh7 25. Qa8 Nc7 26. Qa5 Qe7 27. Rh1 Ne8 28.
Nb6 Nef6 29. g5 hxg5 30. Bxg5 Kg8 31. Be3 Nh5 32. Bxh5 gxh5 33. Rxh5 Bg4 34.
Rh1 Ng5 35. Kd2 1/2-1/2

[Event "ENCI Limburg-open A"]
[Site "Maastricht"]
[Date "2007.05.27"]
[Round "4"]
[White "Friese, Henning"]
[Black "Blijlevens, Pim"]
[Result "1-0"]
[WhiteElo "2077"]
[BlackElo "1913"]
[PlyCount "49"]
[EventDate "2007.05.25"]
[EventType "swiss"]
[EventRounds "7"]
[EventCountry "NED"]
[Source "P.Boonen"]
[SourceDate "2010.01.01"]

1. c4 Nf6 2. Nc3 e6 3. d4 d5 4. Nf3 c6 5. Bg5 dxc4 6. e4 b5 7. e5 h6 8. Bh4 g5
9. Nxg5 hxg5 10. Bxg5 Be7 11. exf6 Bxf6 12. Bxf6 Qxf6 13. Be2 Bb7 14. Bf3 Qe7
15. a4 b4 16. Ne4 Nd7 17. Qc1 O-O-O 18. Qxc4 Nb6 19. Qc5 Qd7 20. a5 Nd5 21.
Qxa7 Nc7 22. Be2 Nb5 23. Bxb5 cxb5 24. Rc1+ Bc6 25. Qb6 1-0

[Event "ENCI Limburg-open A"]
[Site "Maastricht"]
[Date "2007.05.27"]
[Round "4"]
[White "Geboers, Jimmy"]
[Black "Wislez, Franscis"]
[Result "1/2-1/2"]
[WhiteElo "1959"]
[BlackElo "2083"]
[PlyCount "118"]
[EventDate "2007.05.25"]
[EventType "swiss"]
[EventRounds "7"]
[EventCountry "NED"]
[Source "P.Boonen"]
[SourceDate "2010.01.01"]

1. d4 Nf6 2. c4 g6 3. Nc3 d5 4. f3 c6 5. e4 dxc4 6. Bxc4 Bg7 7. Nge2 O-O 8. O-O
b5 9. Bd3 Ne8 10. Be3 f5 11. Qb3+ Kh8 12. d5 cxd5 13. Qxd5 Qxd5 14. Nxd5 e6 15.
Rac1 Bd7 16. Nc7 Nxc7 17. Rxc7 Be5 18. Rxa7 Rxa7 19. Bxa7 Na6 20. a4 Ra8 21.
axb5 Bxb5 22. Bxb5 Rxa7 23. Ra1 Rb7 24. Bxa6 Rxb2 25. Bc4 fxe4 26. fxe4 Kg7 27.
Ra2 Rb1+ 28. Kf2 Rb6 29. Ra7+ Kf6 30. Ra6 Rxa6 31. Bxa6 h5 32. h3 h4 33. Kf3 g5
34. Nc1 Bd4 35. Nd3 e5 36. Kg4 Be3 37. Ne1 Bd2 38. Nf3 Be3 39. Bc8 Bf4 40. Kh5
Be3 41. Nxh4 gxh4 42. Kxh4 Kg6 43. Bf5+ Kh6 44. Kg4 Bf2 45. h4 Be1 46. Kh3 Bf2
47. g4 Be1 48. g5+ Kh5 49. g6 Kh6 50. Kg4 Bf2 51. h5 Bc5 52. Bd7 Bf8 53. Be8
Bg7 54. Bf7 Bh8 55. Bc4 Bg7 56. Be2 Bh8 57. Kf5 Bg7 58. Ke6 Bh8 59. Kf7 Bg7
1/2-1/2

[Event "ENCI Limburg-open A"]
[Site "Maastricht"]
[Date "2007.05.27"]
[Round "4"]
[White "Geuss, Paul"]
[Black "Oosterman, Maarten Jan"]
[Result "1-0"]
[WhiteElo "2138"]
[BlackElo "1959"]
[PlyCount "95"]
[EventDate "2007.05.25"]
[EventType "swiss"]
[EventRounds "7"]
[EventCountry "NED"]
[Source "P.Boonen"]
[SourceDate "2010.01.01"]

1. e4 c5 2. Nf3 Nc6 3. Bb5 d6 4. O-O Bd7 5. Re1 a6 6. Bf1 g6 7. c3 Bg7 8. h3
Nf6 9. d4 O-O 10. dxc5 dxc5 11. e5 Ne8 12. Bf4 Nc7 13. Qc1 Ne6 14. Bh6 b5 15.
Bxg7 Kxg7 16. Qe3 Qc7 17. Nbd2 Rfd8 18. Nh2 b4 19. Bc4 Na5 20. Bd5 Bc6 21. Bxe6
fxe6 22. Ng4 bxc3 23. bxc3 Bd5 24. Qh6+ Kh8 25. Re4 Rf8 26. Rf4 Qd8 27. Ne4
Bxe4 28. Rxe4 Rb8 29. Ne3 Qd2 30. Rf4 Rxf4 31. Qxf4 Kg8 32. Qg4 Qd7 33. Rd1 Qc6
34. h4 Rf8 35. h5 Kg7 36. Qg5 Qe8 37. Ng4 Qf7 38. Rd7 Nc6 39. Qh6+ Kh8 40. hxg6
Qg7 41. Qxg7+ Kxg7 42. Rc7 h5 43. Rxc6 hxg4 44. Rxe6 a5 45. Rxe7+ Kxg6 46. Rc7
Kf5 47. Rxc5 a4 48. Kh2 1-0

[Event "ENCI Limburg-open A"]
[Site "Maastricht"]
[Date "2007.05.27"]
[Round "4"]
[White "Hahn, Gerard"]
[Black "Van Eijk, Sander"]
[Result "0-1"]
[WhiteElo "2005"]
[BlackElo "2259"]
[PlyCount "54"]
[EventDate "2007.05.25"]
[EventType "swiss"]
[EventRounds "7"]
[EventCountry "NED"]
[Source "P.Boonen"]
[SourceDate "2010.01.01"]

1. e4 c5 2. Nf3 Nc6 3. d4 cxd4 4. Nxd4 Nf6 5. Nc3 d6 6. Be2 e5 7. Nb3 Be7 8.
O-O O-O 9. f4 a5 10. a4 Nb4 11. Be3 Be6 12. Nc1 Qc7 13. Nd3 Rfd8 14. Nxb4 axb4
15. Nd5 Bxd5 16. exd5 Rac8 17. fxe5 dxe5 18. b3 Bc5 19. Bxc5 Qxc5+ 20. Kh1 Nxd5
21. Bc4 Ne3 22. Qf3 Nxf1 23. Qxf7+ Kh8 24. Qxf1 Rf8 25. Qe2 Rf2 26. Qe4 Qd4 27.
Qxb7 Qxa1+ 0-1

[Event "ENCI Limburg-open A"]
[Site "Maastricht"]
[Date "2007.05.25"]
[Round "4"]
[White "Kamps, Jacques"]
[Black "Roufs, Gerard"]
[Result "1-0"]
[WhiteElo "2102"]
[BlackElo "1878"]
[PlyCount "97"]
[EventDate "2007.05.25"]
[EventType "swiss"]
[EventRounds "7"]
[EventCountry "NED"]
[Source "P.Boonen"]
[SourceDate "2010.01.01"]

1. e4 c5 2. Nc3 Nc6 3. f4 g6 4. Nf3 Bg7 5. Bb5 e6 6. Bxc6 bxc6 7. e5 d5 8. exd6
Qxd6 9. d3 Nf6 10. O-O O-O 11. Qe1 Nd5 12. Ne5 Nxc3 13. bxc3 c4 14. Nxc4 Qc7
15. Bd2 c5 16. Qh4 Bb7 17. Rae1 Qd8 18. Qxd8 Raxd8 19. Ne5 f6 20. Ng4 h5 21.
Nf2 e5 22. fxe5 fxe5 23. Bg5 Rc8 24. Ne4 Rxf1+ 25. Kxf1 Rf8+ 26. Kg1 c4 27.
dxc4 Bxe4 28. Rxe4 Kf7 29. Be3 Ke6 30. c5 a6 31. Ra4 Ra8 32. Kf2 Kd5 33. Ke2
Bf8 34. c4+ Kc6 35. Kd3 Bxc5 36. Bxc5 Kxc5 37. Ra5+ Kd6 38. Ke4 Ra7 39. Rxe5
Rc7 40. Rd5+ Ke6 41. Kd4 Rf7 42. Ra5 Ra7 43. Re5+ Kf6 44. c5 a5 45. Rd5 a4 46.
Rd6+ Kf5 47. c6 a3 48. Rd7 Ra4+ 49. Kc5 1-0

[Event "ENCI Limburg-open A"]
[Site "Maastricht"]
[Date "2007.05.27"]
[Round "4"]
[White "Klein, Gernot"]
[Black "Nabuurs, Joep"]
[Result "0-1"]
[WhiteElo "1988"]
[BlackElo "2157"]
[PlyCount "128"]
[EventDate "2007.05.25"]
[EventType "swiss"]
[EventRounds "7"]
[EventCountry "NED"]
[Source "P.Boonen"]
[SourceDate "2010.01.01"]

1. e4 e5 2. Nf3 Nc6 3. Bb5 Nd4 4. Nxd4 exd4 5. O-O c6 6. Ba4 Nf6 7. d3 d5 8. e5
Nd7 9. f4 Nc5 10. Bb3 g6 11. Nd2 Qb6 12. Nf3 a5 13. a4 Nxb3 14. cxb3 Bf5 15.
Nh4 Bd7 16. f5 O-O-O 17. Bd2 Bb4 18. Bxb4 Qxb4 19. Rc1 Rhe8 20. fxg6 hxg6 21.
g3 Rxe5 22. Rxf7 Rde8 23. Ng2 Bh3 24. Rf2 Kb8 25. Kh1 g5 26. Kg1 Ka7 27. Kh1
Kb6 28. Kg1 g4 29. Kh1 Bxg2+ 30. Kxg2 Re1 31. Qc2 Rxc1 32. Qxc1 Qxb3 33. Qc2
Qxc2 34. Rxc2 Re3 35. Rd2 Kc5 36. h3 gxh3+ 37. Kxh3 b5 38. axb5 cxb5 39. Kh4 a4
40. g4 b4 41. g5 b3 42. g6 Kb4 43. g7 Re8 44. Re2 Rg8 45. Re7 a3 46. Rb7+ Ka4
47. Ra7+ Kb5 48. Rxa3 Rxg7 49. Rxb3+ Kc5 50. Rb8 Kd6 51. Rb6+ Ke5 52. Rb4 Rg2
53. Kh3 Rd2 54. Rb3 Kf4 55. Rb8 Rxd3+ 56. Kg2 Ke3 57. b4 Rd2+ 58. Kf1 Rd1+ 59.
Kg2 d3 60. Re8+ Kd4 61. Kf2 Rb1 62. Rh8 d2 63. Rh4+ Kc3 64. Rh3+ Kc2 0-1

[Event "ENCI Limburg-open A"]
[Site "Maastricht"]
[Date "2007.05.27"]
[Round "4"]
[White "Koenig, Christian"]
[Black "Snoeck, Rene"]
[Result "0-1"]
[WhiteElo "2185"]
[BlackElo "1897"]
[PlyCount "94"]
[EventDate "2007.05.25"]
[EventType "swiss"]
[EventRounds "7"]
[EventCountry "NED"]
[Source "P.Boonen"]
[SourceDate "2010.01.01"]

1. d4 d5 2. c4 e6 3. Nc3 Nf6 4. cxd5 exd5 5. Bg5 Be7 6. e3 O-O 7. Bd3 Re8 8.
Qc2 Nbd7 9. Nf3 c6 10. O-O Nf8 11. h3 g6 12. Ne5 Ne6 13. Bh6 Ng7 14. g4 Nd7 15.
f4 Nxe5 16. fxe5 Bg5 17. Bxg5 Qxg5 18. Qf2 Be6 19. Kh2 h5 20. Qf4 Qh4 21. Qg3
Qg5 22. Rf4 Kh7 23. Raf1 Rh8 24. Kg2 hxg4 25. hxg4 Kg8 26. e4 Rh4 27. exd5 cxd5
28. Be2 Rc8 29. Bf3 Nh5 30. gxh5 Qxf4 31. Qxf4 Rxf4 32. Ne2 Rc2 33. Kg3 Rxf3+
34. Kxf3 gxh5 35. Nf4 Bg4+ 36. Ke3 Rxb2 37. Nxd5 Re2+ 38. Kd3 Rxa2 39. Nf6+ Kg7
40. Nxg4 hxg4 41. Rg1 Ra3+ 42. Ke4 g3 43. d5 Kf8 44. d6 Ke8 45. Rc1 Kd8 46. Rc2
b5 47. Kd5 b4 0-1

[Event "ENCI Limburg-open A"]
[Site "Maastricht"]
[Date "2007.05.27"]
[Round "4"]
[White "Kritz, Leonid"]
[Black "Schebler, Gerhard"]
[Result "1/2-1/2"]
[WhiteElo "2593"]
[BlackElo "2530"]
[PlyCount "85"]
[EventDate "2007.05.25"]
[EventType "swiss"]
[EventRounds "7"]
[EventCountry "NED"]
[Source "P.Boonen"]
[SourceDate "2010.01.01"]

1. e4 c5 2. Nf3 Nc6 3. Bb5 g6 4. Bxc6 bxc6 5. O-O Bg7 6. Re1 f6 7. c3 Nh6 8. d4
cxd4 9. cxd4 d6 10. b3 Nf7 11. Bb2 O-O 12. Nc3 Bd7 13. h3 Qa5 14. Qc2 Rac8 15.
Rad1 e5 16. dxe5 fxe5 17. Na4 Be6 18. Nd2 Qd8 19. Re3 Qh4 20. Nf3 Qe7 21. Ba3
Rfd8 22. Red3 Bh6 23. Qc3 c5 24. Nb2 Qb7 25. Nc4 Bf8 26. Nfd2 Bh6 27. Bb2 Qb4
28. Ne3 Qxc3 29. Bxc3 Bxe3 30. Rxe3 Rd7 31. Ba5 Rb7 32. Nb1 Rb5 33. Be1 Kf8 34.
Nc3 Rb4 35. f3 Rd4 36. Rc1 Rb4 37. Nd5 Rbb8 38. Rd3 Bxd5 39. Rxd5 Ke7 40. b4
cxb4 41. Rxc8 Rxc8 42. Bxb4 a6 43. a3 1/2-1/2

[Event "ENCI Limburg-open A"]
[Site "Maastricht"]
[Date "2007.05.27"]
[Round "4"]
[White "L'Ami, Erwin"]
[Black "Saligo, Luc"]
[Result "1-0"]
[WhiteElo "2617"]
[BlackElo "2135"]
[PlyCount "72"]
[EventDate "2007.05.25"]
[EventType "swiss"]
[EventRounds "7"]
[EventCountry "NED"]
[Source "P.Boonen"]
[SourceDate "2010.01.01"]

1. d4 Nf6 2. c4 c5 3. d5 e6 4. Nc3 exd5 5. cxd5 d6 6. e4 a6 7. f4 Qc7 8. Nf3
Bg4 9. Be2 Bxf3 10. Bxf3 g6 11. O-O Nfd7 12. Re1 f6 13. Bg4 b5 14. Be3 Bg7 15.
Be6 Nf8 16. f5 Nbd7 17. Ne2 Ne5 18. Kh1 Ng4 19. Bg1 Ne5 20. Rf1 Nxe6 21. dxe6
Qc6 22. Nc3 O-O 23. Nd5 Rfe8 24. g4 g5 25. Rc1 a5 26. Rc2 Qb7 27. h4 h6 28.
hxg5 hxg5 29. Rh2 Nc6 30. Qf3 Ne7 31. Ne3 Rab8 32. Rd1 Red8 33. Rhd2 Qc6 34.
Bh2 Nc8 35. Nd5 b4 36. e5 Ra8 1-0

[Event "ENCI Limburg-open A"]
[Site "Maastricht"]
[Date "2007.05.27"]
[Round "4"]
[White "Laarhoven, Thijs"]
[Black "Braeken, Barry"]
[Result "1-0"]
[WhiteElo "2107"]
[BlackElo "1941"]
[PlyCount "78"]
[EventDate "2007.05.25"]
[EventType "swiss"]
[EventRounds "7"]
[EventCountry "NED"]
[Source "P.Boonen"]
[SourceDate "2010.01.01"]

1. e4 e5 2. Nf3 Nc6 3. Bb5 a6 4. Bxc6 dxc6 5. O-O Be6 6. Nxe5 Qd4 7. Nf3 Qxe4
8. Ng5 Qf5 9. Nxe6 fxe6 10. d3 O-O-O 11. Nc3 Nf6 12. Qe2 Bc5 13. Be3 Bd6 14. f3
Nd5 15. Bd2 Bc5+ 16. Kh1 Rhe8 17. Rae1 h6 18. Nd1 Nf4 19. Bxf4 Qxf4 20. Qe5
Qxe5 21. Rxe5 Bd4 22. Re4 c5 23. Rfe1 Kd7 24. b3 Re7 25. g4 Rf8 26. Kg2 g5 27.
Rf1 Ref7 28. Ne3 b5 29. Kg3 Kd6 30. Nd1 Rf4 31. Re2 c6 32. Kg2 R8f7 33. c3 Bh8
34. Nf2 c4 35. dxc4 bxc4 36. Ne4+ Rxe4 37. Rxe4 cxb3 38. axb3 Bxc3 39. Rd1+ Ke7
1-0

[Event "ENCI Limburg-open A"]
[Site "Maastricht"]
[Date "2007.05.27"]
[Round "4"]
[White "Larmuseau, Maarten"]
[Black "Pastoor, Ernst Jan"]
[Result "1-0"]
[WhiteElo "2020"]
[BlackElo "1825"]
[PlyCount "55"]
[EventDate "2007.05.25"]
[EventType "swiss"]
[EventRounds "7"]
[EventCountry "NED"]
[Source "P.Boonen"]
[SourceDate "2010.01.01"]

1. e4 d6 2. Nc3 g6 3. f4 Bg7 4. Nf3 Nd7 5. Bc4 e6 6. d3 Ne7 7. O-O O-O 8. Qe1
a5 9. a3 b6 10. Qh4 Bf6 11. Ng5 Bxg5 12. fxg5 Ne5 13. Bb3 Kh8 14. Be3 c5 15.
Rad1 Ba6 16. Ba2 Qc7 17. Rf4 Rae8 18. Rdf1 Ng8 19. Qh3 Qd7 20. R1f2 b5 21. d4
b4 22. dxe5 bxc3 23. Rh4 h5 24. g4 dxe5 25. gxh5 Qd1+ 26. Kg2 f5 27. hxg6+ Kg7
28. Bxe6 1-0